Logo BPK

Bibliografia Prac Pracowników

Politechniki Koszalińskiej

Model podręcznika w opinii młodej kadry naukowo-badawczej Wyższej Szkoły Inżynierskej w Koszalinie / (Rekord nr 7633)

Szczegóły MARC
000 -ETYKIETA REKORDU
podpole kontrolne o stałej długości 00823naa a22001937a 4500
003 - IDENTYFIKATOR NUMERU KONTROLNEGO REKORDU
podpole kontrolne BPK
005 - DATA OSTATNIEJ MODYFIKACJI REKORDU
podpole kontrolne 20160607122402.0
008 - POLE O STAŁEJ DŁUGOŚCI - DANE KONTROLNE
podpole kontrolne o stałej długości 160331b1978 pl ||||| |||| 10| 0 pol
040 ## - ŹRÓDŁO KATALOGOWANIA
Instytucja, która utworzyła rekord BPK
080 ## - UNIWERSALNA KLASYFIKACJA DZIESIĘTNA - UKD
UKD 378.091.3
100 ## - NAZWA OSOBOWA
Nazwa osobowa SOKOŁOWSKI, Stanisław.
Lata pracy 1972 - 1996.
Instytucja Wyższa Szkoła Inżynierska w Koszalinie - Zakład Nowych Technik Nauczania
245 ## - TYTUŁ/ODPOWIEDZIALNOŚĆ
Tytuł Model podręcznika w opinii młodej kadry naukowo-badawczej Wyższej Szkoły Inżynierskej w Koszalinie /
Pozostałe elementy strefy tytułu i oznaczenia odpowiedzialności Stanisław Sokołowski.
260 ## - STREFA ADRESU WYDAWNICZEGO
Data publikacji, dystrybucji/powstania dokumentu 1978.
500 ## - UWAGI OGÓLNE
Tekst uwagi Dane z kartoteki bpp.
650 #0 - HASŁO PRZEDMIOTOWE W FORMIE NAZWY OGÓLNEJ LUB JEDNOSTKOWEJ
Nazwa ogólna lub geograficzna Nauczanie.
655 #0 - TERMIN INDEKSOWY - OKREŚLENIE RODZAJU/FORMY DOKUMENTU
Określnie rodzaju/formy dokumentu Materiały konferencyjne.
773 ## - TYTUŁ DOKUMENTU MACIERZYSTEGO
Wyrażenie wprowadzające W :
Tytuł Kierunki badań nad podręcznikiem i jego obudową dydaktyczną : Materiały konferencyjne. -
Adres wydawniczy Koszalin : Wyższa Szkoła Inżynierska, 1978. -
Informacje dotyczące relacji s. 132-134
942 ## - HASŁO DODATKOWE - ELEMENTY(KOHA)
Typ dokumentu Artykuł
Schemat klasyfikacji Uniwersalna klasyfikacja dziesiętna

Brak dostępnych egzemplarzy.

© 2014 Biblioteka Politechniki Koszalińskiej :: BIBLIOGRAFIA PRAC PRACOWNIKÓW